000 00310nam a22001337a 4500
008 170925b xxu||||| |||| 00| 0 eng d
020 _a9780321077196
041 _aeng
080 _23RD
_a37
100 _a46
101 _aEDU
245 _aTEACHING TEN TO FOURTEEN YEAR OLDS
_cSTEVENSON,CH
942 _2udc
_cBK
999 _c29651
_d29651